Author by Lesser Work Quiz Stats

 Plays Quiz not verified by Sporcle

Support Sporcle.
Go Orange.
Score 0/20 Timer 06:00
0 Plays Today
Less Famous Work Author % Correct
Billy BuddHerman Melville
80.6%
Tender is the NightF. Scott Fitzgerald
72.2%
Our Mutual FriendCharles Dickens
69.4%
Pale FireVladimir Nabokov
66.7%
AnthemAyn Rand
63.9%
The Mayor of CasterbridgeThomas Hardy
61.1%
The Magic MountainThomas Mann
55.6%
Player PianoKurt Vonnegut
50%
The Blind AssassinMargaret Atwood
47.2%
Islands in the StreamErnest Hemingway
33.3%
Less Famous Work Author % Correct
Keep the Aspidistra FlyingGeorge Orwell
33.3%
Point Counter PointAldous Huxley
30.6%
Invisible CitiesItalo Calvino
30.6%
Other Voices, Other RoomsTruman Capote
25%
Something HappenedJoseph Heller
19.4%
July's PeopleNadine Gordimer
13.9%
The Enchantress of FlorenceSalman Rushdie
13.9%
Doctor SaxJack Kerouac
11.1%
No Longer at EaseChinua Achebe
5.6%
The ZahirPaulo Coelho
0%

You're not logged in!

Compare scores with friends on all Sporcle quizzes.
OR
Log In

From the Vault

M&M Minefield

by jdfulp

M&Ms might not melt in your hand, but minefields will surely cause them problems.
Remove Ads.
Support Sporcle.
Get the best of Sporcle when you Go Orange. This ad-free experience offers more features, more stats, and more fun while also helping to support Sporcle. Thank you for becoming a member.

Show Comments

Extras

Top Quizzes Today


Score Distribution

Your Account Isn't Verified!

In order to create a playlist on Sporcle, you need to verify the email address you used during registration. Go to your Sporcle Settings to finish the process.

Report this User

Report this user for behavior that violates our Community Guidelines.

Details: